|
|
|
|
| LEADER |
00000nam0a2200000 4500 |
| 001 |
10274 |
| 005 |
20251030163223.0 |
| 010 |
|
|
|a 5756702199
|
| 035 |
|
|
|a (RuTPU)RU\TPU\book\10334
|
| 035 |
|
|
|a BOOK00010398
|
| 090 |
|
|
|a 10274
|
| 100 |
|
|
|a 20011209d1998 m y0rusy50 ca
|
| 101 |
0 |
|
|a rus
|
| 102 |
|
|
|a RU
|
| 105 |
|
|
|a y j 000zy
|
| 200 |
1 |
|
|a Древняя Русь глазами современников и потомков (IX-XII вв.
|e Курс лекций
|f И. Н. Данилевский
|
| 210 |
|
|
|a Москва
|c Аспект Пресс
|d 1998
|
| 215 |
|
|
|a 399 с.
|
| 606 |
|
|
|a Древняя Русь
|x История
|9 81697
|
| 610 |
1 |
|
|a Россия
|
| 610 |
1 |
|
|a 9 век
|
| 610 |
1 |
|
|a 10 век
|
| 610 |
1 |
|
|a 11 век
|
| 610 |
1 |
|
|a 12 век
|
| 610 |
1 |
|
|a учебные пособия
|
| 610 |
1 |
|
|a славяне
|
| 610 |
1 |
|
|a восточные славяне
|
| 610 |
1 |
|
|a языческие традиции
|
| 610 |
1 |
|
|a культура
|
| 686 |
|
|
|a Т3(2)41
|2 rubbk
|
| 700 |
|
1 |
|a Данилевский
|b И. Н.
|g Игорь Николаевич
|
| 801 |
|
0 |
|a RU
|b 63413507
|c 20011209
|g PSBO
|
| 801 |
|
2 |
|a RU
|b 63413507
|c 20120923
|g PSBO
|
| 942 |
|
|
|c BK
|